Petit Bac #01 - Pays d'Afrique - Statistiques

Statistiques générales
  • Ce quiz a été pris 9 537 fois
    9 058 depuis la dernière actualisation
  • Le résultat moyen est 14 sur 15
Statistiques - réponses
1ère Lettre Pays % Correct
A Afrique du Sud / Algérie / Angola
100%
M Madagascar / Malawi / Mali / Maroc / Maurice (île) / Mauritanie / Mozambique
99%
E Egypte / Erythrée / Eswatini / Ethiopie
98%
T Tanzanie / Tchad / Togo / Tunisie
98%
Z Zambie / Zimbabwe
98%
R République Centrafricaine / République du Congo / République démocratique du Congo / Rwanda
97%
C Cameroun / Cap-Vert / Comores / Côte d'Ivoire
96%
G Gabon / Gambie / Ghana / Guinée / Guinée Equatoriale / Guinée-Bissau
96%
N Namibie / Niger / Nigeria
96%
S Sao Tomé-et-Principe / Sénégal / Seychelles / Sierra Leone / Somalie / Soudan / Soudan du Sud
96%
B Bénin / Botswana / Burkina Faso / Burundi
95%
L Lesotho / Liberia / Libye
92%
O Ouganda
89%
K Kenya
87%
D Djibouti
81%
Aucun quiz correspondant
Distribution des résultats
% des personnes avec chaque résultat
Percentile par nombre de réponses
Votre historique - résultats
Vous n’avez pas pris ce quiz depuis la dernière actualisation